LEADER 02104nam 2200517 a 450 001 9910789952103321 005 20200520144314.0 010 $a1-280-65816-9 010 $a9786613635099 010 $a1-4422-1372-8 035 $a(CKB)2670000000161744 035 $a(EBL)878270 035 $a(MiAaPQ)EBC878270 035 $a(Au-PeEL)EBL878270 035 $a(CaPaEBR)ebr10545951 035 $a(CaONFJC)MIL363509 035 $a(OCoLC)845243741 035 $a(EXLCZ)992670000000161744 100 $a20120120d2012 uy 0 101 0 $aeng 135 $aur|n|---||||| 200 10$aGender, heterosexuality, and youth violence$b[electronic resource] $ethe struggle for recognition /$fJames W. Messerschmidt 210 $aLanham, Md. $cRowman & Littlefield Publishers$d2012 215 $a1 online resource (219 p.) 300 $aDescription based upon print version of record. 311 $a1-4422-1371-X 320 $aIncludes bibliographical references and index. 327 $aAcknowledgments -- Introduction -- Theory and method -- Assaultive violence -- Sexual violence -- Nonviolence -- Conclusion -- References -- Index. 330 $aGender, Heterosexuality, and Youth Violence explores why some boys and girls engage in assaultive or sexual violence while others do not. Acclaimed criminologist James W. Messerschmidt shares six compelling life histories of boys and girls to address the relationship among gender, heterosexuality, violence, and non-violence. 606 $aYouth and violence 606 $aBody image in adolescence 606 $aSex differences (Psychology) in adolescence 606 $aHeterosexuality 615 0$aYouth and violence. 615 0$aBody image in adolescence. 615 0$aSex differences (Psychology) in adolescence. 615 0$aHeterosexuality. 676 $a303.60835 700 $aMesserschmidt$b James W$0544900 801 0$bMiAaPQ 801 1$bMiAaPQ 801 2$bMiAaPQ 906 $aBOOK 912 $a9910789952103321 996 $aGender, heterosexuality, and youth violence$93865292 997 $aUNINA LEADER 01346nam0 22003131i 450 001 UON00257054 005 20231205103656.832 010 $a88-311-9374-0 100 $a20040908d2004 |0itac50 ba 101 $aita 102 $aIT 105 $a|||| ||||| 200 1 $aGenesi 12-50$fa cura di Mark Sheridan$gcon la collaborazione di Marco Conti$gintroduzione generale di Angelo Di Berardino 210 $aRoma$cCittà Nuova$d2004 215 $a526 p.$d25 cm. 410 1$1001UON00258001$12001 $aBibbia commentata dai Padri. Antico Testamento$ecollana$fdiretta da Thomas Oden$ged. italiana a cura di Angelo Di Berardino$v01/2 500 1$3UON00373857$aBibbia. Vecchio Testamento. Genesi$955587 620 $aIT$dRoma$3UONL000004 676 $a222.11$cBIBBIA - Vecchio Testamento - Genesi$v21 702 1$aCONTI$bMarco$3UONV150991 702 1$aDI BERARDINO$bAngelo$3UONV018821 702 1$aSHERIDAN$bMark$3UONV150993 712 $aCittà Nuova$3UONV258932$4650 801 $aIT$bSOL$c20240220$gRICA 899 $aSIBA - SISTEMA BIBLIOTECARIO DI ATENEO$2UONSI 912 $aUON00257054 950 $aSIBA - SISTEMA BIBLIOTECARIO DI ATENEO$dSI S.C BIBBIA NT $eSI EO 36355 6 996 $aBibbia. Vecchio Testamento. Genesi$955587 997 $aUNIOR